00526nam a2200193 a 4500001001300000003000900013005001700022008004100039020001000080082001300090100002000103245007400123260004300197300000900240500003500249505001000284650001800294700002000312nice12345678IN_TiNIC20260116013021.0050524s1975 lona grp 000 0 eng  ac10000a953bKIE aKiernan, Thomas aArabs, Their History, Aims and Challenges to the Industrialized World aLondonbLittle Brown and Companyc1975 a558p aincludes index and biblioraphy2 aIndex aArabs-History1 aKiernan, Thomas